Statistiken für Erftstadt Stadtteile-Quiz

Klicken Sie hier um das Quiz zu spielen!

Allgemein

  • Dieses Quiz wurde 12 mal gespielt
  • Das Durchschnittsergebnis liegt bei 8 aus 14

Antwortstatistiken

Antwort% Korrekt
Lechenich / Konradsheim
89%
Liblar
89%
Blessem / Frauenthal
78%
Bliesheim
78%
Dirmerzheim
78%
Gymnich / Mellerhöfe
78%
Kierdorf
67%
Ahrem
56%
Friesheim
56%
Erp
44%
Herrig
44%
Köttingen
44%
Borr / Scheuren
22%
Niederberg
22%

Verteilung der Resultate

Perzentil nach korrekt beantworteten Fragen

Anzahl Personen mit jedem Resultat

Ihre Resultats-Entwicklung

Sie haben dieses Quiz noch nicht gespielt